| 000 | 00393nam a2200109Ia 4500 | ||
|---|---|---|---|
| 008 | 160909s9999 xx 000 0 und d | ||
| 100 | _aRegis, Koy William. | ||
| 245 | _aAllometry of sexual size dimorphism in turtles: A comparison of mass and length data | ||
| 260 |
_bTarleton State University _c2016 |
||
| 650 | _aMASS COM | ||
| 856 | _uhttp://pqdtopen.proquest.com/doc/1780569741.html?FMT=ABS | ||
| 999 |
_c304165 _d304165 |
||